[Event "Olomouc Chess Summer 2023 - D2"]
[Site "Olomouc (CZE), Hotel Flora"]
[Date "2023.08.16"]
[Round "6"]
[Board "3"]
[White "Kudrlicka, Ladislav"]
[Black "Mayer, Josef"]
[Result "1-0"]
[WhiteElo "1993"]
[BlackElo "1846"]
[PlyCount "0"]
[EventDate "2023.08.12"]
[EventRounds "9"]
[EventCountry "CZE"]

1. d4 Nf6 2. Nf3 g6 3. Bg5 Bg7 4. Nbd2 O-O 5. e4 d6 6. Be2 Qe8 7. O-O e5 8. dxe5
dxe5 9. c3 Nbd7 10. Qc2 h6 11. Bh4 Nh5 12. Rfe1 Nf4 13. Bf1 Nb6 14. Nc4 Nxc4 15.
Bxc4 Be6 16. Nd2 Bxc4 17. Nxc4 Qe6 18. Ne3 Bf6 19. Bxf6 Qxf6 20. g3 Nh3+ 21. Kg2
Ng5 22. Qe2 Qe6 23. Qg4 f5 24. exf5 gxf5 25. Qc4 Qxc4 26. Nxc4 e4 27. Ne5 Rfd8 28.
Rad1 Kg7 29. h4 Nh7 30. f3 Nf6 31. fxe4 fxe4 32. Nc4 Rd3 33. Rxd3 exd3 34. Rd1 Rd8
35. Ne5 Re8 36. Nxd3 Re2+ 37. Kf3 Rc2 38. Re1 Kf8 39. Re2 Rxe2 40. Kxe2 h5 41. Kf3
Ke7 42. Kf4 b6 43. Kf5 Kf7 44. Nf2 c5 45. c4 Kg7 46. Kg5 Kf7 47. Kf5 Kg7 48. b3 Kf7
49. Ne4 Nh7 50. Ng5+  1-0

[Event "Olomouc Chess Summer 2023 - D2"]
[Site "Olomouc (CZE), Hotel Flora"]
[Date "2023.08.16"]
[Round "6"]
[Board "4"]
[White "Lorenc, Oldrich"]
[Black "Fiala, Jiri"]
[Result "1-0"]
[WhiteElo "2043"]
[BlackElo "1836"]
[PlyCount "0"]
[EventDate "2023.08.12"]
[EventRounds "9"]
[EventCountry "CZE"]

1. Nf3 d5 2. c4 c6 3. e3 Nf6 4. Nc3 e6 5. Be2 Be7 6. O-O O-O 7. d4 Nbd7 8. a3 a5
9. c5 Qc7 10. Bd2 e5 11. b4 axb4 12. axb4 Rxa1 13. Qxa1 e4 14. Ne1 Re8 15. Qa7 Nf8
16. b5 Bd7 17. Nc2 h5 18. Nb4 Qc8 19. bxc6 bxc6 20. Na4 Bd8 21. Nb6 Bxb6 22. cxb6
Qb8 23. Ra1 Ng4 24. g3 Qxa7 25. Rxa7 Rb8 26. b7  1-0

[Event "Olomouc Chess Summer 2023 - D2"]
[Site "Olomouc (CZE), Hotel Flora"]
[Date "2023.08.16"]
[Round "6"]
[Board "5"]
[White "Spanton, Tim R"]
[Black "Groh, Jiri"]
[Result "1-0"]
[WhiteElo "1858"]
[BlackElo "2004"]
[PlyCount "0"]
[EventDate "2023.08.12"]
[EventRounds "9"]
[EventCountry "CZE"]

1. e4 c5 2. Nf3 Nc6 3. Bb5 g6 4. c3 Bg7 5. d4 cxd4 6. cxd4 d5 7. exd5 Qxd5 8. Nc3
Qd6 9. d5 a6 10. Ba4 Bxc3+ 11. bxc3 b5 12. dxc6 bxa4 13. Qxa4 Nf6 14. O-O O-O 15.
Rd1 Qc7 16. Bf4 Qa7 17. Be3 Qc7 18. Rab1 Rd8 19. Bf4 Rxd1+ 20. Rxd1 Qb6 21. Qb4 Qxb4
22. Rd8+ Kg7 23. cxb4 Ne4 24. g3 f6 25. Nd2 Nxd2 26. Bxd2 Bb7 27. Rd7 Bxc6 28. Rxe7+
Kg8 29. Rc7 Bf3 30. Rc3 Rd8 31. Rxf3 Rxd2 32. a3 Kf7 33. Re3 Ra2 34. g4 g5 35. Kg2
Kg6 36. Kg3 h5 37. gxh5+ Kxh5 38. Rf3 Kg6 39. Kg4 Ra1 40. Rc3 f5+ 41. Kg3 Kh5 42.
Kg2 Ra2 43. Kg3 Ra1 44. h3 Rg1+ 45. Kf3 Kh4 46. Rc6 Kh5 47. Rxa6 Rb1 48. Ra5 Rb3+
49. Kg2 f4 50. b5 g4 51. hxg4+ Kxg4 52. Ra4 Rxb5 53. f3+ Kg5 54. Rb4 Rc5 55. a4 Rc2+
56. Kh3 Ra2 57. Rb5+ Kf6 58. a5 Ra1 59. Kg4 Ra4 60. Rh5 Kg6 61. Rb5 Kf6 62. Rb6+
Ke5 63. a6 Ra1 64. Kg5 Rg1+ 65. Kh6 Kd4 66. Rb4+ Ke3 67. Rb3+ Ke2 68. Ra3 Rg8 69.
a7 Kf2 70. Kh5 Kg3 71. a8=Q Rxa8 72. Rxa8 Kxf3 73. Ra3+ Ke2 74. Kg4  1-0

[Event "Olomouc Chess Summer 2023 - D2"]
[Site "Olomouc (CZE), Hotel Flora"]
[Date "2023.08.16"]
[Round "6"]
[Board "6"]
[White "Brousek, Jiri"]
[Black "Mlynek, Petr"]
[Result "0-1"]
[WhiteElo "1792"]
[BlackElo "1973"]
[PlyCount "0"]
[EventDate "2023.08.12"]
[EventRounds "9"]
[EventCountry "CZE"]

1. d4 d5 2. Nf3 c6 3. e3 Nf6 4. Bd3 Bg4 5. c4 e6 6. Nc3 Nbd7 7. h3 Bh5 8. cxd5 exd5
9. O-O Bd6 10. e4 dxe4 11. Nxe4 Nxe4 12. Bxe4 Nf6 13. Bf5 O-O 14. Bg5 Be7 15. Re1
Re8 16. g4 Bg6 17. Bxg6 hxg6 18. Qb3 Qd5 19. Qxd5 Nxd5 20. Bxe7 Rxe7 21. Rxe7 Nxe7
22. Re1 Kf8 23. Re4 f6 24. Kf1 Nd5 25. a3 a5 26. h4 Ra6 27. Nd2 Rb6 28. Nc4 Rb3 29.
Nd6 Ne7 30. Re2 a4 31. Kg2 b5 32. Rd2 Nd5 33. f3 Ke7 34. Ne4 Ne3+ 35. Kf2 Nc4 36.
Re2 Rxb2 37. Nd2+ Kd7 38. Nxc4 Rxe2+ 39. Kxe2 bxc4 40. Kd2 Kd6 41. Kc3 Kd5 42. f4
c5 43. dxc5 Kxc5  0-1

[Event "Olomouc Chess Summer 2023 - D2"]
[Site "Olomouc (CZE), Hotel Flora"]
[Date "2023.08.16"]
[Round "6"]
[Board "7"]
[White "Novotny, Jaroslav"]
[Black "Briza, Jiri"]
[Result "1/2-1/2"]
[WhiteElo "1919"]
[BlackElo "1830"]
[PlyCount "0"]
[EventDate "2023.08.12"]
[EventRounds "9"]
[EventCountry "CZE"]

1. e4 e5 2. Nf3 Nc6 3. d4 exd4 4. Bc4 Bc5 5. c3 d3 6. Qxd3 d6 7. b4 Bb6 8. a4 a5
9. b5 Nce7 10. O-O Nf6 11. h3 Be6 12. Bxe6 fxe6 13. c4 Qd7 14. Be3 Bxe3 15. Qxe3
e5 16. Nc3 b6 17. Rad1 O-O 18. Nd5 Ng6 19. Kh2 Rae8 20. g3 Qc8 21. Kg2 Nd7 22. Qg5
Nc5 23. Nc3 Qe6 24. Nd2 Rf6 25. Nd5 Rf7 26. Ra1 Ref8 27. Ra3 Qd7 28. Qg4 Qd8 29.
h4  1/2-1/2

[Event "Olomouc Chess Summer 2023 - D2"]
[Site "Olomouc (CZE), Hotel Flora"]
[Date "2023.08.16"]
[Round "6"]
[Board "8"]
[White "Marek, Jiri"]
[Black "Kulhavy, Frantisek"]
[Result "1/2-1/2"]
[WhiteElo "1890"]
[BlackElo "1801"]
[PlyCount "0"]
[EventDate "2023.08.12"]
[EventRounds "9"]
[EventCountry "CZE"]

1. e4 c5 2. Nf3 Nc6 3. d4 cxd4 4. Bc4 Nf6 5. Nxd4 Nxe4 6. Bxf7+ Kxf7 7. Qh5+ g6 8.
Qd5+ e6 9. Qxe4 Bg7 10. Nxc6 bxc6 11. O-O d5 12. Qf4+ Qf6 13. Qc7+ Qe7 14. Qf4+ Qf6
15. Qc7+  1/2-1/2

[Event "Olomouc Chess Summer 2023 - D2"]
[Site "Olomouc (CZE), Hotel Flora"]
[Date "2023.08.16"]
[Round "6"]
[Board "9"]
[White "Lepik, Jaroslav"]
[Black "Bartos, Alois"]
[Result "0-1"]
[WhiteElo "1830"]
[BlackElo "1884"]
[PlyCount "0"]
[EventDate "2023.08.12"]
[EventRounds "9"]
[EventCountry "CZE"]

1. d4 Nf6 2. Nf3 c5 3. c3 b6 4. Bf4 Bb7 5. e3 Nh5 6. Bxb8 Rxb8 7. Bd3 Nf6 8. Nbd2
cxd4 9. exd4 g6 10. O-O Bg7 11. Ne5 O-O 12. Qa4 Qc7 13. Ba6 Bxa6 14. Qxa6 d6 15.
Nef3 e5 16. Rfe1 Rfe8 17. Qd3 Nd7 18. Rad1 b5 19. a3 a5 20. Rc1 Qa7 21. b4 Kh8 22.
Ng5 Kg8 23. Nge4 exd4 24. cxd4 Bxd4 25. Nf3 Bb6 26. Qxd6 Re6 27. Qg3 axb4 28. axb4
h6 29. Qh4 Kg7 30. Rcd1 Rbe8 31. Ned2 Rxe1+ 32. Rxe1 Rxe1+ 33. Nxe1 Nf6 34. h3 g5
35. Qg3 Qa1 36. Kf1 Qd4 37. Qe3 Qxe3 38. fxe3 Nd5 39. Nc2 Bxe3 40. Nxe3 Nxe3+ 41.
Ne4 Nd5 42. Nd6 Nc7 43. Ke2 Kf6 44. Kd3 Ke6 45. Ne4 f5 46. Nc5+ Kd5 47. g3 Ne8 48.
Nb3 Nd6 49. Nd4 h5 50. Nf3 Nf7 51. Nd4 Ne5+ 52. Kc3 Ke4 53. Nxb5 Ke3 54. Nd4 f4 55.
gxf4 gxf4 56. b5 f3 57. Nxf3 Kxf3 58. Kd2 h4 59. Ke1 Nc4 60. Kf1 Kg3 61. Kg1 Kxh3
62. Kh1 Kg3 63. Kg1 h3 64. Kh1 Nb6 65. Kg1 Nd5 66. Kh1 Nf4 67. b6 Nd3  0-1

[Event "Olomouc Chess Summer 2023 - D2"]
[Site "Olomouc (CZE), Hotel Flora"]
[Date "2023.08.16"]
[Round "6"]
[Board "10"]
[White "Chubar, Vladimir"]
[Black "Musil, Vitezslav"]
[Result "1-0"]
[WhiteElo "1781"]
[BlackElo "1871"]
[PlyCount "0"]
[EventDate "2023.08.12"]
[EventRounds "9"]
[EventCountry "CZE"]

1. Nf3 Nf6 2. d4 g6 3. Bg5 Bg7 4. Nbd2 d5 5. e3 O-O 6. Bd3 b6 7. e4 Bb7 8. Qe2 Nc6
9. c3 dxe4 10. Nxe4 h6 11. Bh4 Nd5 12. Bg3 Nf6 13. O-O-O Na5 14. Rhe1 Bd5 15. Kb1
b5 16. Nc5 e6 17. Ne5 Bxg2 18. f3 Bh3 19. Bxb5 Bf5+ 20. Ka1 Nd5 21. Bd3 Re8 22. Bxf5
exf5 23. Qb5 f4 24. Qxa5 fxg3 25. hxg3 Nb6 26. Qb5 Qd5 27. c4 Qd6 28. Ne4 Qe6 29.
c5 Bxe5 30. dxe5 Qxe5  1-0

[Event "Olomouc Chess Summer 2023 - D2"]
[Site "Olomouc (CZE), Hotel Flora"]
[Date "2023.08.16"]
[Round "6"]
[Board "11"]
[White "Svub, Jan"]
[Black "Pesek, Petr"]
[Result "1/2-1/2"]
[WhiteElo "1770"]
[BlackElo "1927"]
[PlyCount "0"]
[EventDate "2023.08.12"]
[EventRounds "9"]
[EventCountry "CZE"]

1. d4 Nf6 2. c4 e5 3. dxe5 Ng4 4. Bf4 Nc6 5. Nf3 Bb4+ 6. Nbd2 Qe7 7. e3 Ngxe5 8.
Be2 O-O 9. O-O Bxd2 10. Qxd2 d6 11. Nd4 Bd7 12. b3 Rad8 13. Rad1 Rfe8 14. Rfe1 Ng6
15. Bg3 Qf6 16. Nb5 Rc8 17. c5 a6 18. Nc3 Bf5 19. cxd6 cxd6 20. Nd5 Qd8 21. Nf4 Qa5
22. Qxa5 Nxa5 23. Nxg6 hxg6 24. Bxd6 Rc2 25. b4 Nc6 26. a3 Ne5 27. Bxe5 Rxe5  1/2-1/2

[Event "Olomouc Chess Summer 2023 - D2"]
[Site "Olomouc (CZE), Hotel Flora"]
[Date "2023.08.16"]
[Round "6"]
[Board "12"]
[White "Dvorak, Vladimir"]
[Black "Lexa, Vaclav"]
[Result "1/2-1/2"]
[WhiteElo "1864"]
[BlackElo "1767"]
[PlyCount "0"]
[EventDate "2023.08.12"]
[EventRounds "9"]
[EventCountry "CZE"]

1. e4 c6 2. d4 d5 3. Nc3 dxe4 4. Nxe4 Nf6 5. Nxf6+ exf6 6. c3 Bd6 7. Bd3 O-O 8. Qc2
g6 9. Ne2 Qc7 10. Bh6 Re8 11. O-O-O Nd7 12. h4 f5 13. g4 fxg4 14. h5 Nf8 15. hxg6
fxg6 16. Ng3 Bf4+ 17. Kb1 Bxh6 18. Rxh6 Qf4 19. Rh2 Be6 20. Rdh1 Bf7 21. b3  1/2-1/2

[Event "Olomouc Chess Summer 2023 - D2"]
[Site "Olomouc (CZE), Hotel Flora"]
[Date "2023.08.16"]
[Round "6"]
[Board "13"]
[White "Becvar, Miroslav"]
[Black "Bohman, Leif"]
[Result "1-0"]
[WhiteElo "1841"]
[BlackElo "1715"]
[PlyCount "0"]
[EventDate "2023.08.12"]
[EventRounds "9"]
[EventCountry "CZE"]

1. e4 c6 2. d4 d5 3. exd5 cxd5 4. Bd3 Nf6 5. Nf3 Bg4 6. Nbd2 e6 7. O-O Bd6 8. c3
Nc6 9. h3 Bh5 10. Re1 Bg6 11. Bxg6 hxg6 12. Ne5 O-O 13. f4 Nd7 14. Ndf3 Nf6 15. Ng5
Bxe5 16. dxe5 Nh7 17. Nf3 Re8 18. Be3 Rc8 19. Qd3 a6 20. Re2 Ne7 21. g4 Nf8 22. Rh2
Nd7 23. Ng5 Rc6 24. h4 f6 25. Nf3 Kf7 26. Nd4 Rc8 27. h5 Nc5 28. Qf1 Ne4 29. exf6
Nxf6 30. Qf3 Rh8 31. hxg6+ Nxg6 32. Nxe6 Kxe6 33. f5+ Ke7 34. fxg6 Rxh2 35. Kxh2
Qd7 36. Bg5 Qd6+ 37. Bf4 Qe6 38. Kg3 Rc4 39. Rd1 Ne4+ 40. Kg2 Nf6 41. b3 Re4 42.
Kg3 b5 43. g5 Rxf4 44. Kxf4 Qd6+ 45. Ke3 Qe5+ 46. Kd3 Qxg5 47. Qe3+ Qxe3+ 48. Kxe3
Ke6 49. Kd4 Ne4 50. Rf1  1-0

[Event "Olomouc Chess Summer 2023 - D2"]
[Site "Olomouc (CZE), Hotel Flora"]
[Date "2023.08.16"]
[Round "6"]
[Board "14"]
[White "Fiser, Jiri"]
[Black "Kolek, Josef"]
[Result "1-0"]
[WhiteElo "1821"]
[BlackElo "1752"]
[PlyCount "0"]
[EventDate "2023.08.12"]
[EventRounds "9"]
[EventCountry "CZE"]

1. e4 d6 2. d4 g6 3. Nc3 Bg7 4. f4 Nf6 5. Nf3 Nc6 6. Bd3 O-O 7. h3 e6 8. O-O d5 9.
e5 Nd7 10. Be3 Ne7 11. Qd2 c6 12. Ne2 b6 13. g4 c5 14. c3 Kh8 15. Ng3 Rg8 16. Kh2
a5 17. Ng5 Rf8 18. f5 exf5 19. gxf5 gxf5 20. Nxf5 Nxf5 21. Rxf5 f6 22. Ne6 Qe8 23.
Nxf8 Bxf8 24. exf6 c4 25. Bc2 Nc5 26. Rxd5 Nd3 27. Bxd3 cxd3 28. Qxd3 Bb7 29. Re5
Bd6 30. Bf4 Bxe5 31. Bxe5 Qf7 32. Rg1  1-0

[Event "Olomouc Chess Summer 2023 - D2"]
[Site "Olomouc (CZE), Hotel Flora"]
[Date "2023.08.16"]
[Round "6"]
[Board "15"]
[White "Telarik, Mojmir"]
[Black "Green, Per"]
[Result "0-1"]
[WhiteElo "1520"]
[BlackElo "1919"]
[PlyCount "0"]
[EventDate "2023.08.12"]
[EventRounds "9"]
[EventCountry "CZE"]

1. f4 d5 2. Nf3 Bf5 3. e3 Nf6 4. Be2 c5 5. d4 Nc6 6. c3 e6 7. O-O h6 8. Ne5 Bd6 9.
Nd2 Qb6 10. Qb3 Qc7 11. Nxc6 bxc6 12. Nf3 Ne4 13. Qd1 g5 14. Ne5 Rg8 15. Bg4 Bxg4
16. Qxg4 O-O-O 17. f5 Bxe5 18. dxe5 Qxe5 19. Qf3 Qxf5 20. Qe2 Qg6 21. Qa6+ Kb8 22.
Qxc6 f5 23. b4 Rd6 24. Qb5+ Rb6 25. Qd3 cxb4 26. cxb4 Qf6 27. Bd2 Qb2 28. Be1 Rc8
29. Bg3+ Nxg3 30. Rfb1 Ne2+ 31. Kf1 Nc1 32. Qd1 Qe5 33. Rxc1 Qxe3 34. Rxc8+ Kxc8
35. Qc2+ Kb7 36. Rc1 Qf4+ 37. Kg1 Qb8 38. a4 a6 39. a5 Rd6 40. Qc5 Qa7 41. Kf1 Qxc5
42. bxc5 Rd8 43. Rb1+ Kc6 44. Rb6+ Kxc5 45. Rxa6 Rd6 46. Ra8 Kb5 47. Ke2 Ra6 48.
Rh8 e5 49. Rf8 f4 50. Re8 e4 51. Rd8 Kc4  0-1

[Event "Olomouc Chess Summer 2023 - D2"]
[Site "Olomouc (CZE), Hotel Flora"]
[Date "2023.08.16"]
[Round "6"]
[Board "16"]
[White "Sveda, Jiri"]
[Black "Pavlicek, Petr"]
[Result "1-0"]
[WhiteElo "1880"]
[BlackElo "1688"]
[PlyCount "0"]
[EventDate "2023.08.12"]
[EventRounds "9"]
[EventCountry "CZE"]

1. e4 e6 2. Qe2 d5 3. exd5 Qxd5 4. Nc3 Qa5 5. d4 Nf6 6. Nf3 Be7 7. g3 O-O 8. Bg2
c6 9. O-O Nbd7 10. Bd2 Qh5 11. Rfe1 Nd5 12. Ne4 N7f6 13. Nxf6+ Bxf6 14. c4 Ne7 15.
Bc3 b6 16. Qf1 Bb7 17. Ne5 Bxe5 18. Rxe5 Qh6 19. Qe2 g6 20. Bb4 Rfe8 21. Bxe7 Rxe7
22. d5 cxd5 23. cxd5 Rae8 24. Re1 Qg7 25. f4 Qf6 26. dxe6 fxe6 27. Bxb7 Rxb7 28.
Rxe6 Qxe6 29. Qxe6+ Rxe6 30. Rxe6 Kf7 31. Re2 Rc7 32. Kf2 h5 33. h3 a5 34. Kf3 Rc6
35. g4 hxg4+ 36. hxg4 Rc4 37. a3 Rc1 38. Re5 Rc2 39. Rb5 Rc6 40. b3 Kf6 41. g5+ Ke6
42. Ke4 Ke7 43. f5 gxf5+ 44. Kxf5 Kf7 45. a4 Kg7 46. b4 axb4 47. Rxb4 Rc5+ 48. Kg4
Rc6 49. Kh5 Rd6 50. Rc4 Re6 51. Rc7+ Kg8 52. Ra7 Rc6 53. Ra6 Rc4 54. Kh6 Rh4+ 55.
Kg6 Kf8 56. Ra8+ Ke7 57. Kg7 Rg4 58. g6 Rg1 59. Ra6 Rg4 60. Rxb6 Rxa4 61. Rb7+ Ke8
62. Kg8 Rf4 63. Rh7 Rf8+ 64. Kg7 Rf1 65. Rh4 Ke7 66. Re4+ Kd7 67. Rh4 Ke7 68. Kh7
 1-0

[Event "Olomouc Chess Summer 2023 - D2"]
[Site "Olomouc (CZE), Hotel Flora"]
[Date "2023.08.17"]
[Round "7"]
[Board "1"]
[White "Kubicek, Antonin"]
[Black "Glatt, Gabor"]
[Result "1-0"]
[WhiteElo "2068"]
[BlackElo "2220"]
[PlyCount "0"]
[EventDate "2023.08.12"]
[EventRounds "9"]
[EventCountry "CZE"]

1. c4 g6 2. g3 Bg7 3. Bg2 Nf6 4. Nc3 O-O 5. Nf3 d6 6. O-O e5 7. d3 Nc6 8. Rb1 a5
9. a3 h6 10. b4 axb4 11. axb4 Be6 12. b5 Ne7 13. Bb2 Qd7 14. Qb3 Bh3 15. Nd2 Bxg2
16. Kxg2 Nh5 17. Nd5 Nxd5 18. cxd5 b6 19. Rfc1 f5 20. Rc6 f4 21. Qc4 Rf7 22. Rc1
Ra7 23. Ne4 g5 24. d4 Qf5 25. dxe5 Bxe5 26. Bxe5 Qxe5 27. f3 Nf6 28. Nxf6+ Rxf6 29.
g4 Rf7 30. Qd3 Re7 31. R1c2 Qf6 32. Qd2 Qf7 33. Ra2 Rxa2 34. Qxa2 Re5 35. Qc2 Rxd5
36. Rxc7 Rc5 37. Rc8+ Kg7 38. Qb2+ Qf6 39. Rg8+  1-0

[Event "Olomouc Chess Summer 2023 - D2"]
[Site "Olomouc (CZE), Hotel Flora"]
[Date "2023.08.17"]
[Round "7"]
[Board "2"]
[White "Sejkora, Vlastimil"]
[Black "Spanton, Tim R"]
[Result "1/2-1/2"]
[WhiteElo "2139"]
[BlackElo "1858"]
[PlyCount "0"]
[EventDate "2023.08.12"]
[EventRounds "9"]
[EventCountry "CZE"]

1. e4 e5 2. Nf3 Nc6 3. Bb5 Nf6 4. O-O Nxe4 5. Qe2 Nd6 6. Bxc6 dxc6 7. Qxe5+ Qe7 8.
Qa5 Qd8 9. Re1+ Be7 10. d3 O-O 11. Bf4 b6 12. Qd2 Bb7 13. Nc3 c5 14. Ne5 g5 15. Bg3
f6 16. Ng4 f5 17. Qe2 fxg4 18. Qxe7 Re8 19. Qxd8 Raxd8 20. Bxd6 cxd6 21. Nb5 Rxe1+
22. Rxe1 a6 23. Re7 Bc6 24. Nc7 Rd7 25. Rxd7 Bxd7 26. Nd5 Be6 27. Nxb6 Bxa2 28. c3
Bb1 29. d4 cxd4 30. cxd4 Kf7 31. Nc4 Ke6 32. Ne3 h5 33. Kf1 Bd3+ 34. Ke1 Kd7 35.
Kd2 Be4 36. d5 Kc7 37. Kc3 Kd7 38. Kd4 Bg6 39. Nc4 Kc7 40. Nd2 Kb6 41. f3 gxf3 42.
Nxf3 g4 43. Nd2 Bh7 44. g3 Bg6 45. Nc4+ Kc7 46. Ke3 Be8 47. Kd4 Bg6 48. Ne3 Kb6 49.
Kc4 Be4 50. Kb4 Bd3 51. Kc3 Bg6 52. Kd4 Kc7 53. Ng2 Bf7 54. Nf4 Kb6 55. Kc4 Kc7 56.
Nd3 Be8 57. Nb4 Kb6 58. Kd4 Bd7 59. Na2 Be8 60. Nc1 Bg6 61. Nb3 Kb5 62. Nd2 Kb6 63.
Nc4+ Kc7 64. b4 Be8 65. Ne3 Bg6 66. Kc4 Kb6 67. Kd4 Kc7 68. Ng2 Kb6  1/2-1/2

[Event "Olomouc Chess Summer 2023 - D2"]
[Site "Olomouc (CZE), Hotel Flora"]
[Date "2023.08.17"]
[Round "7"]
[Board "3"]
[White "Heppell, Ian N"]
[Black "Lorenc, Oldrich"]
[Result "1/2-1/2"]
[WhiteElo "1946"]
[BlackElo "2043"]
[PlyCount "0"]
[EventDate "2023.08.12"]
[EventRounds "9"]
[EventCountry "CZE"]

1. e4 c5 2. Nc3 Nc6 3. f4 d6 4. Bb5 g6 5. Nf3 Bg7 6. O-O Bd7 7. Bxc6 Bxc6 8. d3 Nf6
9. Qe1 e6 10. f5 gxf5 11. Bg5 h6 12. Bh4 Qd7 13. exf5 e5 14. Ne4 Bxe4 15. dxe4 Qc6
16. Qg3 Kf8 17. Bxf6  1/2-1/2

[Event "Olomouc Chess Summer 2023 - D2"]
[Site "Olomouc (CZE), Hotel Flora"]
[Date "2023.08.17"]
[Round "7"]
[Board "4"]
[White "Bartos, Alois"]
[Black "Kudrlicka, Ladislav"]
[Result "1/2-1/2"]
[WhiteElo "1884"]
[BlackElo "1993"]
[PlyCount "0"]
[EventDate "2023.08.12"]
[EventRounds "9"]
[EventCountry "CZE"]

1. e4 e5 2. Nf3 Nc6 3. d4 exd4 4. Bc4 Nf6 5. e5 d5 6. Bb5 Ne4 7. Nxd4 Bc5 8. Be3
O-O 9. Bxc6 bxc6 10. O-O Bd7 11. f3 Ng5 12. f4 Ne4 13. Nd2 Nxd2 14. Qxd2 Bb6 15.
a4 c5 16. Nf3 d4 17. Bf2 a5 18. b3 Bc6 19. Qd3 Qd5 20. Rfe1 Bb7 21. Rad1 Ba6 22.
c4 Qc6 23. f5 Bb7 24. Qd2 Rae8 25. Qg5 f6 26. exf6 Qxf6 27. Qxf6 gxf6 28. Nd2 Re5
29. g4 Rfe8 30. Kf1 Kf7 31. Bg3 Re3 32. Bf4  1/2-1/2

[Event "Olomouc Chess Summer 2023 - D2"]
[Site "Olomouc (CZE), Hotel Flora"]
[Date "2023.08.17"]
[Round "7"]
[Board "5"]
[White "Mlynek, Petr"]
[Black "Chubar, Vladimir"]
[Result "1-0"]
[WhiteElo "1973"]
[BlackElo "1781"]
[PlyCount "0"]
[EventDate "2023.08.12"]
[EventRounds "9"]
[EventCountry "CZE"]

1. d4 g6 2. c4 Bg7 3. Nf3 d6 4. g3 Nf6 5. Bg2 O-O 6. O-O Nc6 7. Nc3 Bg4 8. h3 Bd7
9. Bf4 Re8 10. d5 Na5 11. b3 c5 12. dxc6 Nxc6 13. Qd2 Qa5 14. a3 e5 15. b4 Qd8 16.
Bg5 e4 17. Nd4 Qc8 18. Ndb5 Ne5 19. Bxf6 Bxf6 20. Nxe4 Bg7 21. Nbxd6 Nxc4 22. Nxc4
Qxc4 23. Rac1 Qb5 24. Rc5 Qa4 25. Ra5 Qc6 26. Nc5 Qc7 27. Nxd7 Rad8 28. Rd5  1-0

[Event "Olomouc Chess Summer 2023 - D2"]
[Site "Olomouc (CZE), Hotel Flora"]
[Date "2023.08.17"]
[Round "7"]
[Board "6"]
[White "Mayer, Josef"]
[Black "Novotny, Jaroslav"]
[Result "0-1"]
[WhiteElo "1846"]
[BlackElo "1919"]
[PlyCount "0"]
[EventDate "2023.08.12"]
[EventRounds "9"]
[EventCountry "CZE"]

1. c4 c5 2. Nc3 Nc6 3. g3 g6 4. Bg2 Bg7 5. Nf3 d6 6. O-O e5 7. Ne1 Nge7 8. Nc2 O-O
9. Ne3 f5 10. Ned5 Kh8 11. d3 h6 12. Rb1 Nxd5 13. Nxd5 Ne7 14. b4 Nxd5 15. Bxd5 Qe7
16. bxc5 dxc5 17. Qa4 f4 18. Ba3 Bh3 19. Rxb7 Qf6 20. Bg2 Bxg2 21. Kxg2 f3+ 22. Kh3
fxe2 23. Rfb1 Qf5+  0-1

[Event "Olomouc Chess Summer 2023 - D2"]
[Site "Olomouc (CZE), Hotel Flora"]
[Date "2023.08.17"]
[Round "7"]
[Board "7"]
[White "Briza, Jiri"]
[Black "Marek, Jiri"]
[Result "1-0"]
[WhiteElo "1830"]
[BlackElo "1890"]
[PlyCount "0"]
[EventDate "2023.08.12"]
[EventRounds "9"]
[EventCountry "CZE"]

1. e4 c5 2. Nf3 Nc6 3. d4 cxd4 4. Nxd4 Nf6 5. Nc3 e5 6. Nb3 Bb4 7. Bd3 O-O 8. O-O
Bxc3 9. bxc3 d5 10. exd5 Nxd5 11. Qf3 Nxc3 12. Bxh7+ Kxh7 13. Qxc3 Bf5 14. Bb2 Rc8
15. Qg3 f6 16. Kh1 b6 17. f4 Bxc2 18. fxe5 Nxe5 19. Nd4 Qd5 20. Nxc2 Rxc2 21. Bxe5
Re8 22. Bxf6 gxf6 23. Rxf6 Qd4 24. Qg6+ Kh8 25. Qxe8+  1-0

[Event "Olomouc Chess Summer 2023 - D2"]
[Site "Olomouc (CZE), Hotel Flora"]
[Date "2023.08.17"]
[Round "7"]
[Board "8"]
[White "Kulhavy, Frantisek"]
[Black "Becvar, Miroslav"]
[Result "0-1"]
[WhiteElo "1801"]
[BlackElo "1841"]
[PlyCount "0"]
[EventDate "2023.08.12"]
[EventRounds "9"]
[EventCountry "CZE"]

1. e4 e6 2. d4 d5 3. Nd2 dxe4 4. Nxe4 Nf6 5. Nxf6+ Qxf6 6. Nf3 h6 7. Bd3 Bd6 8. O-O
O-O 9. Re1 Nd7 10. Bd2 e5 11. Bc3 exd4 12. Bxd4 Qd8 13. c3 c5 14. Be3 Nf6 15. h3
Nd5 16. Bc4 Nxe3 17. Rxe3 Qc7 18. Rd3 Bf4 19. g3 Bxg3 20. fxg3 Qxg3+ 21. Kh1 Bxh3
22. Qg1 Qf4 23. Bd5 Rad8 24. c4 Bf5 25. Qe3 Qc7 26. Rd2 Rfe8 27. Qf2 b6 28. Re1 Qf4
29. Bxf7+ Kxf7 30. Ne5+ Rxe5 31. Qxf4 Rxe1+ 32. Kg2 Rxd2+ 33. Qxd2 Re7 34. Kf2 Rd7
35. Qf4 Kf6 36. Qh4+ Kg6 37. Qg3+ Kh7 38. Qe5 Rf7 39. Kg3 g5 40. Qd5 Kg6 41. Qc6+
Kg7 42. Qd5 h5 43. Qe5+ Kh7 44. Qd5 h4+ 45. Kh2 Kg6 46. Qc6+ Kg7 47. Qd5 g4 48. Qe5+
Kh7 49. a3 g3+ 50. Kg1 h3 51. Qd5 Rf6 52. b4 cxb4 53. axb4 Kh6 54. c5 bxc5 55. bxc5
Re6 56. Qd2+ Kg6 57. c6 h2+  0-1

[Event "Olomouc Chess Summer 2023 - D2"]
[Site "Olomouc (CZE), Hotel Flora"]
[Date "2023.08.17"]
[Round "7"]
[Board "9"]
[White "Groh, Jiri"]
[Black "Fiser, Jiri"]
[Result "1-0"]
[WhiteElo "2004"]
[BlackElo "1821"]
[PlyCount "0"]
[EventDate "2023.08.12"]
[EventRounds "9"]
[EventCountry "CZE"]

1. Nf3 f5 2. c4 Nf6 3. g3 g6 4. Bg2 Bg7 5. O-O d6 6. Nc3 e5 7. d3 Nc6 8. Rb1 a5 9.
a3 O-O 10. b4 axb4 11. axb4 Bd7 12. b5 Ne7 13. c5 h6 14. h4 Ng4 15. Qb3+ Kh7 16.
cxd6 cxd6 17. Ba3 Rf6 18. Bb4 Be6 19. Qb2 d5 20. Ra1 Rxa1 21. Rxa1 d4 22. Nb1 Nd5
23. Be1 Rf7 24. Nbd2 Nb6 25. Nb3 Rc7 26. Ba5 Rc8 27. Nfd2 Qd6 28. Bxb7 Rb8 29. Bf3
Bd5 30. Rc1 Nf6 31. Bxd5 Nbxd5 32. Rc6 Qe7 33. Nc5 Qa7 34. Nc4 e4 35. Ne6 e3 36.
f3 Nh5 37. Bc7 Rxb5 38. Qa3 Rb1+ 39. Kg2 Qxa3 40. Nxa3 Re1 41. g4 Rxe2+ 42. Kh3 fxg4+
43. fxg4 Rd2 44. gxh5 gxh5 45. Bg3 Rxd3 46. Nc2 e2 47. Ne1 Re3 48. Nxg7 Kxg7 49.
Rd6 Nf4+ 50. Kh2 Re4 51. Kg1 Nh3+ 52. Kg2 Nf4+ 53. Kf3  1-0

[Event "Olomouc Chess Summer 2023 - D2"]
[Site "Olomouc (CZE), Hotel Flora"]
[Date "2023.08.17"]
[Round "7"]
[Board "10"]
[White "Pesek, Petr"]
[Black "Kubala, Karel"]
[Result "1/2-1/2"]
[WhiteElo "1927"]
[BlackElo "1747"]
[PlyCount "0"]
[EventDate "2023.08.12"]
[EventRounds "9"]
[EventCountry "CZE"]

1. e4 e6 2. Bb5 a6 3. Ba4 b5 4. Bb3 Qg5 5. Qf3 Bb7 6. Nc3 f5 7. d4 Qg6 8. d5 fxe4
9. Qg3 Qxg3 10. hxg3 exd5 11. Nxd5 Bd6 12. Bf4 Bxf4 13. gxf4 Kd8 14. O-O-O Nc6 15.
Ne2 Na5 16. Ng3 Nxb3+ 17. cxb3 Bxd5 18. Rxd5 Nf6 19. Rg5 Rg8 20. Nh5  1/2-1/2

[Event "Olomouc Chess Summer 2023 - D2"]
[Site "Olomouc (CZE), Hotel Flora"]
[Date "2023.08.17"]
[Round "7"]
[Board "11"]
[White "Green, Per"]
[Black "Brousek, Jiri"]
[Result "1/2-1/2"]
[WhiteElo "1919"]
[BlackElo "1792"]
[PlyCount "0"]
[EventDate "2023.08.12"]
[EventRounds "9"]
[EventCountry "CZE"]

1. c4 e5 2. Nc3 Nf6 3. Nf3 Nc6 4. g3 d5 5. cxd5 Nxd5 6. Bg2 Nb6 7. O-O Be7 8. b3
O-O 9. Bb2 Be6 10. Rc1 f6 11. Qc2 Qd7 12. Rfd1 Nb4 13. Qb1 Bf5 14. d3 c6 15. a3 Na6
16. b4 Rfd8 17. Nh4 Be6 18. Ba1 Nc7 19. a4 Nbd5 20. Nxd5 Nxd5 21. b5 cxb5 22. axb5
a5 23. bxa6 bxa6 24. d4 Rab8 25. Qe4 Rb4 26. Rb1 Qa4 27. Rdc1 Rdb8 28. Rxb4 Rxb4
29. Nf5 Bf8 30. Qg4 Qd7 31. e4 Bxf5 32. Qxf5 Qxf5 33. exf5 Ne7 34. dxe5 fxe5 35.
Bxe5 Rb5 36. Bd6 Nxf5 37. Bxf8 Kxf8 38. Be4 h6 39. Rc8+ Kf7 40. Rc7+ Ne7 41. Bd3
Ra5  1/2-1/2